Agropotravinári pred bránou do EÚ

Otváranie obchodného priestoru. Obavy našich výrobcov, dovozcov a obchodníkov z blížiaceho sa vstupu Slovenska do EÚ. Naše agropotravinárstvo očakávajú obrovské zmeny. Dôsledky týchto zmien. Skúsenosti Rakúska. Cukrovarníci vo výhode. Vyrovnávanie cien.

Uložené v:
Podrobná bibliografia
Hlavný autor: Fidrmuc, Jaroslav
Médium: Kapitola
Jazyk:Slovak
Predmet:
Tagy: Pridať tag
Žiadne tagy, Buďte prvý, kto otaguje tento záznam!

MARC

LEADER 00000naa a2200000 4500
001 r049697
005 20231002114904.4
041 0 |a slo 
044 |a SK 
245 1 0 |a Agropotravinári pred bránou do EÚ  |c Jaroslav Fidrmuc 
520 |a Otváranie obchodného priestoru. Obavy našich výrobcov, dovozcov a obchodníkov z blížiaceho sa vstupu Slovenska do EÚ. Naše agropotravinárstvo očakávajú obrovské zmeny. Dôsledky týchto zmien. Skúsenosti Rakúska. Cukrovarníci vo výhode. Vyrovnávanie cien. 
610 2 0 |a agrokomplex 
610 2 0 |a potravinárstvo 
610 2 0 |a integrácia ekonomická medzinárodná 
610 2 0 |a Slovensko 
610 2 0 |a Európska únia 
610 2 0 |a výrobcovia 
610 2 0 |a dovoz 
610 2 0 |a obchodníci 
610 2 0 |a cukor 
610 2 0 |a vyrovnanie cenové 
100 1 |a Fidrmuc, Jaroslav